| 000 | 00693cam a22002535a 4500 | ||
|---|---|---|---|
| 999 |
_c27569 _d27540 |
||
| 001 | 012647779 | ||
| 005 | 20190709100754.0 | ||
| 008 | 791026t1979 enka fr 001 | eng d | ||
| 020 | _a0709900538 | ||
| 020 | _a070990052X | ||
| 020 | _a9780709900535 | ||
| 040 |
_aUk _cUk _beng _dEG-ScBUE |
||
| 043 | _ae-uk--- | ||
| 082 | 0 | 4 |
_a301.540941 _222 _bLAN |
| 100 | 1 | _aLansley, Stewart. | |
| 245 | 1 | 0 |
_aHousing and public policy / _cStewart Lansley. |
| 260 |
_aLondon : _bCroom Helm, _cc.1979. |
||
| 300 |
_a246 p. : _bill. ; _c24 cm. |
||
| 500 | _aIncludes index. | ||
| 650 | 7 |
_aHousing policy _zGreat Britain. _2BUEsh _935130 |
|
| 651 | _2BUEsh | ||
| 653 |
_bBUSBOL _cJuly2019 |
||
| 942 | _2ddc | ||